| 000 | 00615nam a2200277Ia 4500 | ||
|---|---|---|---|
| 005 | 20260324131935.0 | ||
| 008 | 008 260324s9999 xx 000 0 eng d | ||
| 020 | _a9780203965641 | ||
| 037 | _aEBOOK | ||
| 040 | _aCRL | ||
| 040 | _beng | ||
| 040 | _cCRL | ||
| 041 | _2eng | ||
| 041 | _aeng | ||
| 084 | _qCRL | ||
| 100 |
_aVictor D. Lippit _91187424 |
||
| 245 | 0 | _aCapitalism | |
| 260 | _bTaylor and Francis | ||
| 260 | _c2005 | ||
| 365 | _a | ||
| 365 | _b230 | ||
| 856 | _uhttp://www.taylorfrancis.com/books/9780203965641 | ||
| 942 | _cEBOOK | ||
| 999 |
_c1785025 _d1785025 |
||